01304nam a2200253 a 450000100100000000500170001000800410002704000130006808200150008110000330009624500570012926000380018630000280022450000630025250000420031550400550035704900090041295201270042195201270054895201270067595201130080295201180091599900170103300001662720200929164935.0100308s1991 dr a 000 0 spa d aDO-SdBNP axxxbS211e1 aSánchez Roa, Adriano9849610aFMI, agricultura y pobreza /cAdriano Sánchez Roa. aSanto Domingo :bCorripio,c1991. a112 p. :bil. ;c24 cm. aIncluye datos biográficos del autor en la contracubierta aIncluye notas al pie de las páginas aIncluye referencias bibliográficas ( p. 105-107) aBNPD 001054708DSaGRbGRcCTd2010-03-08iLF1l0oxxx S211ep16627-30r2020-06-25te.3w2020-06-25yLFDSZPréstamo en sala 001054708DSaGRbGRcCTd2010-03-08iLF1l0oxxx S211ep16627-40r2020-06-25te.4w2020-06-25yLFDSZPréstamo en sala 001054708DSaGRbGRcCTd2010-03-08iLF1l0oxxx S211ep16627-50r2020-06-25te.5w2020-06-25yLFDSZPréstamo en sala 0010718PDaPDbPDcCTd2010-03-08iLF1l0oxxx S211ep16627-10r2020-06-25w2020-06-25yLFPDZNo se presta 0010718PDaPDbPDcCTd2010-03-08iLF1l0oxxx S211ep16627-20r2020-06-25te.2w2020-06-25yLFPDZNo se presta c16160d16160